000
00309nam a22001337a 4500
020
_a
9780122423529
082
_a
664
_b
ESK/BI
100
_a
Shahidi Fereidoon
_a
Eskin , N.A. Michael
_9
269
245
_a
Biochemistry of Foods
250
_a
3
260
_a
London
_b
Elsevier
_c
2013
300
_a
565
942
_c
REF
999
_c
14208
_d
14208